=LDR 00000nam 2200000 4500 =001 NUTBA000000000002664 =005 20140624113026.0 =006 =007 =008 =020 ##$$a 978-602-98189-3-2 =035 ##$$a 0010-061400000000607 =040 ##$$a NBPDMAT =082 ##$$a 633.74 =090 ##$$a 633.74 $b Yul t =100 ##$$a Yulianto D.Saputra =245 ##$$a Teknik Budidaya kakao / $c Yulianto D Saputra ; penyunting, Chrisna =250 ##$$a Cet.1 =260 ##$$a Jogyakarta : $b Trans Idea Publishing, $c 2013 =300 ##$$a 96 hlm. ; $c 21 cm. =650 ##$$a Budidaya Kakao =850 ##$$a NBPDMAT =990 ##$$a 21402127